000 00649nam a2200265Ia 4500
005 20260121170333.0
008 008 260114s9999 xx 000 0 eng d
020 _a9789811076008
037 _aEBOOK
040 _aCRL
040 _beng
040 _cCRL
041 _2eng
041 _aeng
084 _qCRL
100 _aZane Ma Rhea
_91062662
245 0 _aLand and Water Education and the Allodial Principle
260 _bSpringer
260 _bSpringer
260 _c2018
856 _uhttps://link.springer.com/openurl?genre=book&isbn=978-981-10-7600-8
942 _cEBOOK
999 _c1628391
_d1628391